| 000 | 01251nam a2200385 c 4500 | ||
|---|---|---|---|
| 001 | 17209 | ||
| 003 | ES-MaCES | ||
| 005 | 20141221122452.0 | ||
| 008 | 050119s2004 sp t 000 | spa d | ||
| 017 |
_aM 40093-2004 _bDL |
||
| 020 | _a8481647306 | ||
| 035 | _aCES20050000448m | ||
| 040 |
_aES-MaCES _bspa _cES-MaCES |
||
| 245 | 0 | 4 |
_aLos musulmanes en España _b: libertad religiosa e identidad cultural _cMaría José Ciáurriz ... [et al.] ; edición de Agustín Motilla |
| 260 |
_aMadrid _bTrotta _c[2004] |
||
| 300 |
_a283 p. _c23 cm |
||
| 490 | 1 | _aColección Estructuras y procesos. Serie Derecho | |
| 500 | _aÍndices | ||
| 541 | _cCompra | ||
| 650 | 4 |
_apaís islámico _930403 |
|
| 650 | 4 |
_ainmigrante _928631 |
|
| 650 | 4 |
_aislam _927334 |
|
| 650 | 4 |
_alibertad religiosa _927179 |
|
| 650 | 4 |
_aderecho islámico _930010 |
|
| 650 | 4 |
_aidentidad cultural _929870 |
|
| 650 | 4 |
_aintegración social _927283 |
|
| 650 | 4 |
_aEspaña _926964 |
|
| 653 | 1 | 0 | _aDerecho |
| 700 | 1 |
_aCiáurriz, María José _99639 |
|
| 700 | 1 |
_aMotilla, Agustín _eed. lit. _919229 |
|
| 830 | 0 |
_aColección Estructuras y procesos _pSerie Derecho _932130 |
|
| 902 | _aLIB Libro | ||
| 942 |
_2CES _cBK _h6.0. |
||
| 999 |
_c17209 _d17209 |
||